| 000 | 00817nam a22002177a 4500 | ||
|---|---|---|---|
| 005 | 20260318151323.0 | ||
| 010 | _aENG-147933 | ||
| 020 |
_a9789394604967 _c250.00 |
||
| 035 | _aEN-131465 | ||
| 082 |
_a187.43 _b1 |
||
| 100 |
_aSaraswati Niranjanananda Saraswati _988594 |
||
| 245 |
_aOn the wings of the swan / _cSwami Niranjanananda Saraswati _hEnglish |
||
| 250 | _a2024 | ||
| 260 |
_aBIhar _c1 |
||
| 270 |
_aYoga Publication Trust, Ganga Darshan _bNew Delhi |
||
| 300 |
_a170p.: _bcol.ill. _c22cm.(pbk) |
||
| 700 |
_aSaraswati Niranjanananda Saraswati _988567 |
||
| 942 |
_2ddc _cCH _hN _mNIR _k187.43 _e2024 |
||
| 999 |
_c215624 _d215624 |
||